000 00667nam a22002291c 4500
001 371826497
008 170503s2003 gw a||| 000u ger d
020 _a523502527x
_95-235-02527-x
041 _ager
100 1 _aAndreevskij, Georgij Vasil'evič
245 0 0 _aPovsednevnaja žizn' Moskvy v stalinskuju epochu :
_b1920 - 1930-e gody /
_cG. V. Andreevskij
264 _aMoskva :
_bMolodaja Gvardija,
_c2003
300 _a573 S : Ill
650 0 _aAlltag
650 0 _aKultur
650 0 _aStalinismus
651 0 _aMoskau
942 _cMG
040 _cRU-10907106
003 RU-10907106
999 _c41237
_d41237
490 0 _aŽivaja istorija : Povsednevnaja žizn' čelovečestva